| 000 | 01227nam a2200253 a 4500 | ||
|---|---|---|---|
| 003 | BD-DhJNU | ||
| 005 | 20251111052909.0 | ||
| 008 | 251108s2024 bg |||g |||| 000 1|ben|d | ||
| 020 | _a9789849901501 | ||
| 040 |
_aBD-DhJNU _bben _cBD-DhJNU _dBD-DhJNU |
||
| 041 | _aben | ||
| 082 |
_a701.17 SAB _223 |
||
| 100 | _সৈকত, দ্রাবিড় | ||
| 242 | 1 | 0 | _aBanggiyo Shilpokola : dehototter darshonik uttaradhikar / by Dravid Saikot |
| 245 | 1 | 0 |
_aবঙ্গীয় শিল্পকলা : _bদেহতত্ত্বের দার্শনিক উত্তরাধিকার / _cদ্রাবিড় সৈকত |
| 246 | _aBanggiyo Shilpokola : dehototter darshonik uttaradhikar | ||
| 250 | _a1st ed. | ||
| 260 |
_aঢাকা : _bমিসেস নূরজাহান, _c2024. |
||
| 300 |
_a২৮৮ পৃ. : _bচিত্র ; _c২১ সেমি.। |
||
| 504 | _aগ্রন্থপঞ্জিগত নির্দেশিকা ও নিঘন্ট অন্তভূক্ত | ||
| 650 | _aPhilosophy of art (শিল্পকলার দর্শন) | ||
| 650 | _aBengali aesthetics (বাঙালি নন্দনতত্ত্ব) | ||
| 942 | _cBK | ||
| 999 |
_c2355 _d2355 |
||